India in a globalised world: issues of growth with equity and justice (Record no. 501687)

000 -LEADER
fixed length control field 00355cam a22001217a 4500
008 - FIXED-LENGTH DATA ELEMENTS--GENERAL INFORMATION
fixed length control field 180718b xxu||||| |||| 00| 0 eng d
082 ## - DEWEY DECIMAL CLASSIFICATION NUMBER
Classification number T39x54 G346
100 ## - MAIN ENTRY--PERSONAL NAME
Personal name Ghosh, Arun
245 ## - TITLE STATEMENT
Title India in a globalised world: issues of growth with equity and justice
Statement of responsibility, etc. by Arun Ghosh
260 ## - PUBLICATION, DISTRIBUTION, ETC.
Place of publication, distribution, etc. New Delhi
Name of publisher, distributor, etc. NAMEDIA
Date of publication, distribution, etc.
300 ## - PHYSICAL DESCRIPTION
Extent 47p.
650 ## - SUBJECT ADDED ENTRY--TOPICAL TERM
Topical term or geographic name entry element Globalised --World
Holdings
Withdrawn status Lost status Damaged status Not for loan Permanent Location Current Location Date acquired Full call number Barcode Date last seen Price effective from Koha item type
        Indian Institute of Public Administration Indian Institute of Public Administration 2018-08-04 T39x54 G346 GR16520 2018-08-04 2018-08-04 GR

Powered by Koha